Derecho penal especial : (Registro nro. 28816)

Detalles MARC
000 -LEADER
fixed length control field 02185nam a2200289Ia 4500
003 - CONTROL NUMBER IDENTIFIER
control field CO-CtgCURN
005 - DATE AND TIME OF LATEST TRANSACTION
control field 20250408190357.0
008 - FIXED-LENGTH DATA ELEMENTS--GENERAL INFORMATION
fixed length control field 190723s9999 xx 000 0 und d
020 ## - INTERNATIONAL STANDARD BOOK NUMBER
International Standard Book Number 9587070380
040 ## - CATALOGING SOURCE
Original cataloging agency CO-CtgCURN
Language of cataloging spa
Transcribing agency coctgcurn
082 ## - DEWEY DECIMAL CLASSIFICATION NUMBER
Classification number 345.02
Item number T631d
100 ## - MAIN ENTRY--PERSONAL NAME
Personal name Tocora, Luis Fernando
9 (RLIN) 8521
Relator term autor
245 #0 - TITLE STATEMENT
Title Derecho penal especial :
Remainder of title delitos contra la vida y la integridad personal, el patrimonio económico, delitos sexuales /
Statement of responsibility, etc. Luis Fernando Tocora
250 ## - EDITION STATEMENT
Edition statement 10 edición
260 ## - PUBLICATION, DISTRIBUTION, ETC.
Place of publication, distribution, etc. Bogotá, Colombia :
Name of publisher, distributor, etc. Librería Ediciones del Profesional,
Date of publication, distribution, etc. 2004
300 ## - PHYSICAL DESCRIPTION
Extent 440 páginas ;
Dimensions 22 centímetros
500 ## - GENERAL NOTE
General note Incluye índice
504 ## - BIBLIOGRAPHY, ETC. NOTE
Bibliography, etc. note Incluye referencias bibliográficas
505 ## - FORMATTED CONTENTS NOTE
Formatted contents note 1. El genocidio -- Cap. 2. El homicidio -- Cap. 3. Las lesiones personales -- Cap. 4. El aborto -- Cap. 5. Lesiones al feto -- Cap. 6. Abandono de menores y de personas desvalidas -- Cap. 7. De la omision de socorro -- Cap. 8. Manipulacion genetica -- pte. II. Delitos contra el patrimonio económico -- Cap. 1. El hurto -- Cap. 2. La extorsion -- Cap. 3. La estafa -- Cap. 4. Fraude mediante cheque -- Cap. 5. El abuso de confianza -- Cap. 6. Las defraudaciones -- Cap. 7. La usurpacion -- Cap. 8. El dano -- Cap. 9. Disposiciones comunes a los delitos contra el patrimonio económico -- pte. III. Delitos contra la libertad, integridad y formacion sexuales -- Cap. 1. La violacion -- Cap. 2. Actos sexuales abusivos -- Cap. 3. Disposiciones comunes a los delitos anteriores -- Cap. 4. El proxenetismo -- Anexo 1. Delito de homicidio -- Anexo 2. Aberratio ictus -- Anexo 3. El delito preterintencional -- Anexo 4. Eutanasia -- Anexo 5. Aborto -- Anexo 6. Delito de extorsion -- Anexo 7. Delito de estafa -- Anexo 8. La reparacion en delitos contra el patrimonio económico -- Anexo 9. Acceso carnal con menores.
521 ## - TARGET AUDIENCE NOTE
Target audience note AREA PROFESIONAL
590 ## - LOCAL NOTE (RLIN)
Local note Programa de Derecho_18
650 ## - SUBJECT ADDED ENTRY--TOPICAL TERM
Topical term or geographic name entry element Delitos
Geographic subdivision Colombia
9 (RLIN) 8522
650 ## - SUBJECT ADDED ENTRY--TOPICAL TERM
Topical term or geographic name entry element Derecho penal
9 (RLIN) 8523
942 ## - ADDED ENTRY ELEMENTS (KOHA)
Koha item type Libros
Classification part 345.02
Item part T631d
Source of classification or shelving scheme Dewey Decimal Classification
Koha issues (borrowed), all copies 1
Suppress in OPAC No
Existencias
Withdrawn status Lost status Damaged status Not for loan Collection Home library Current library Shelving location Date acquired Inventory number Total checkouts Full call number Barcode Date last seen Date last checked out Copy number Price effective from Koha item type
          Miguel Henríquez Castañeda Barranquilla Miguel Henríquez Castañeda Barranquilla General 05/23/2018 01511 1 345.02 T631d 01511 01/28/2025 01/28/2025 ej.1 07/23/2019 Libros
          Miguel Henríquez Castañeda Barranquilla Miguel Henríquez Castañeda Barranquilla General 05/23/2018 01512 1 345.02 T631d 01512 11/01/2023 10/23/2023 ej.2 07/23/2019 Libros